Introduction to total quality : quality, productivity, competitiveness /

Guardado en:
Autor Principal: Goetsch, David L.
Otros Autores: Davis, Stanley M.
Formato: Libro
Idioma:English
Publicado: Englewood Cliffs, NJ : Prentice Hall, c1994.
Materias:
Etiquetas: Agregar Etiqueta
Sin Etiquetas, Sea el primero en etiquetar este registro!
LEADER 00787cam a22002175a 4500
001 EIQ.libpla003588
008 930915s1994####nyua#####b####001#0#eng#d
005 20080215180131.0
245 1 0 |a Introduction to total quality :  |b quality, productivity, competitiveness /  |c David L. Goetsch, Stanley Davis. 
260 |a Englewood Cliffs, NJ :  |b Prentice Hall,  |c c1994. 
300 |a xiv, 606 p. :  |b il. ;  |c 25 cm. 
504 |a Incluye referencias bibliográficas e índice. 
020 |a 0023442212 
100 1 |a Goetsch, David L. 
700 1 |a Davis, Stanley M. 
082 0 0 |a 658.4/013  |2 21 
650 4 |a Procesos  |x Gerencia de calidad total. 
650 4 |a Processes  |x Total quality management. 
010 |a  93036630  
040 |a DLC  |c DLC  |d AR-BbSID 
859 |a AR-BbSID  |b BIB. PLAPIQUI  |h 658.5  |i G 534  |p 4567